000 00744nam a22001577a 4500
003 OSt
005 20151102143321.0
008 151102b xxu||||| |||| 00| 0 eng d
040 _cRUA
082 _aFOR ហែម 1991 B116 Or.1
100 _93185
_aហែម ច័ន្ទរិទ្ធី
245 _aការពិនិត្យ និងរិះគន់ស្ថាបនាអំពីអនុវត្ត ក្រឹត្យ-ច្បាប់ លេខ ៣៥ ក្រ.ច ចុះថ្ងៃទី ២៥ មិថុនា ១៩៨៨​ ស្ដីអំពីការគ្រប់គ្រងវិស័យព្រៃឈើ
260 _aPhnom Penh
_bRUA
_c1991
300 _a78p.
_bill.
_c29cm.
942 _2ddc
_cFOR
999 _c2974
_d2974